Score 0/30 Timer 02:00
1 Play Today
Song Word % Correct
What A Wonderful _____World
91.3%
_____ Balls of FireGreat
91.1%
Why Do Fools _____ In Love?Fall
90.4%
_____ Else MattersNothing
89.9%
The _____ Sleeps TonightLion
88.3%
Piano _____Man
82.9%
Wake Up _____ Susie Little
76.1%
On the _____ AgainRoad
74.6%
Baby One More _____Time
71.2%
Owner Of A Lonely _____Heart
71.1%
_____ BoysWild
71%
_____ On The CornerDown
70.6%
The _____ Of Silence Sound
68.1%
You've _____ That Lovin' Feelin'Lost
67.1%
_____ And JoyPride
66.4%
Song Word % Correct
_____ Tall SallyLong
65.2%
Open _____Arms
62.5%
Behind Blue _____Eyes
61.6%
_____ TrainPeace
60.9%
People Are _____Strange
59.5%
_____ Train To GeorgiaMidnight
58.9%
_____ Down SallyLay
58.3%
_____ Yellow TaxiBig
58.1%
_____ Don't Lose That NumberRikki
56.1%
_____ MusicMountain
51.4%
_____ GameWicked
38.7%
_____ Of PainKing
32.5%
Like A _____Prayer
28.4%
_____ TouchHuman
23.2%
The _____ of LovePower
17.6%

Today's Daily Dose

Missing Word
'T' Pairs

Word Ladder
Game Pieces

Get the Picture
Baseball Movies

Remove Ads.
Support Sporcle.
Get the best of Sporcle when you Go Orange. This ad-free experience offers more features, more stats, and more fun while also helping to support Sporcle. Thank you for becoming a member.

You're not logged in!

Compare scores with friends on all Sporcle quizzes.
OR
Log In

Show Comments

Extras

Top Quizzes Today


Score Distribution

Your Account Isn't Verified!

In order to create a playlist on Sporcle, you need to verify the email address you used during registration. Go to your Sporcle Settings to finish the process.

Report this User

Report this user for behavior that violates our Community Guidelines.

Details: